| 000 -LEADER |
| fixed length control field |
00584pam a2200181 a 4500 |
| 020 ## - INTERNATIONAL STANDARD BOOK NUMBER |
| ISBN |
0471007846 (cloth : acidfree paper) |
| 040 ## - CATALOGING SOURCE |
| Transcribing agency |
DLC |
| 082 00 - DEWEY DECIMAL CLASSIFICATION NUMBER |
| Classification number |
634 WIL 1995 A106 Or. |
| 100 1# - MAIN ENTRY--AUTHOR NAME |
| Personal name |
Boyce, Stephen G. |
| 245 10 - TITLE STATEMENT |
| Title |
Landscape forestry / |
| 260 ## - PUBLICATION, DISTRIBUTION, ETC. (IMPRINT) |
| Place of publication |
New York : |
| Name of publisher |
J. Wiley, |
| Year of publication |
c1995. |
| 300 ## - PHYSICAL DESCRIPTION |
| Number of Pages |
xv, 239 p. : |
| Other physical details |
ill., map ; |
| Dimensions |
25 cm. |
| 650 00 - SUBJECT ADDED ENTRY--TOPICAL TERM |
| Topical Term |
Forest landscape management. |
| 650 00 - SUBJECT ADDED ENTRY--TOPICAL TERM |
| Topical Term |
Forest landscape management |
| 856 42 - ELECTRONIC LOCATION AND ACCESS |
| Uniform Resource Identifier |
http://www.loc.gov/catdir/description/wiley033/94022898.html |
| 856 4# - ELECTRONIC LOCATION AND ACCESS |
| Uniform Resource Identifier |
http://www.loc.gov/catdir/toc/onix04/94022898.html |
| 942 ## - ADDED ENTRY ELEMENTS (KOHA) |
| Koha item type |
សៀវភៅភាសាអង់គ្លេស |
| 952 ## - LOCATION AND ITEM INFORMATION (KOHA) |
| Withdrawn status [LOCAL, KOHA] |
0 |